| 000 | 01066nam0a22002531 4500 | ||
|---|---|---|---|
| 001 | rc\948040 | ||
| 005 | 20260407134817.0 | ||
| 035 | _a(NLR Aleph) 006119976 | ||
| 090 |
_a5450366 _c5450366 |
||
| 100 | _a20041129d1982 |||y0rusy50 ca | ||
| 101 | 0 | _arus | |
| 102 | _aRU | ||
| 105 | _ay ||||||||| | ||
| 200 | 1 |
_aМетодические рекомендации по расчету свайных фундаментов зданий сельскохозяйственного назначения _fНИИ строит. конструкций, Ферган. политехн. ин-т _g[Разраб. Н.С. Метелюком и др.] |
|
| 210 |
_aКиев _cНИИСК _d1982 |
||
| 215 |
_a20 с. _d20 |
||
| 320 | _aБиблиогр.: с. 19 (12 назв.) | ||
| 702 | 1 |
_aМетелюк _bН.С. _gНиколай Семенович _4570 |
|
| 712 | 0 | 2 |
_aНИИ строительных конструкций _cКиев _3RU\NLR\AUTH\8810002735 _9502697 |
| 801 | 0 |
_aRU _bNLR _gpsbo |
|
| 801 | 1 |
_aRU _bELAR _2rusmarc |
|
| 852 |
_aNLR _j83-4/9317 |
||
| 942 | _cBOOK | ||
| 980 | _aNB | ||